Statistics for Airlines By Picture #1

Click here to take the quiz!

General Stats

  • This quiz has been taken 128 times
  • The average score is 7 of 9

Answer Stats

Answer% Correct
Lufthansa
94%
Qantas
92%
Emirates
89%
Ryanair
89%
British Airways
86%
Air New Zealand
77%
Jet Star
73%
Iberia
70%
China Southern
56%

Score Distribution

Percentile by Number Answered

Percent of People with Each Score

Your Score History

You have not taken this quiz